LEADER 01194nam0-22003851i-450- 001 990005513240203316 005 20040308120000.0 035 $a000551324 035 $aUSA01000551324 035 $a(ALEPH)000551324USA01 035 $a000551324 100 $a20031112d2003-------|0enac50------ba 101 $aeng 102 $aUS 105 $a|||| ||||| 200 1 $aNonparametric statistical methods for complete and censored data$fM. M. Desu, D. Raghavarao 210 $aBoca Raton$eetc. 215 $aXIV, 360 p.$d24 cm 606 $aStatistica nonparametrica$2FI 620 $dBoca Raton (Florida) 676 $a519.5$cStatistica matematica$v21 700 1$aDESU,$bM. M.$0614176 701 1$aRAGHAVARAO,$bDamaraju$0104389 712 $aChampan & Hall 801 $aIT$bSOL$c20120104 912 $a990005513240203316 950 $aDIP.TO SCIENZE ECONOMICHE - (SA)$dDS 500 519.5 DES$e11562 DISES 951 $a500 519.5 DES$b11562 DISES 959 $aBK 969 $aDISES 979 $c20121027$lUSA01$h1532 979 $c20121027$lUSA01$h1613 996 $aNonparametric statistical methods for complete and censored data$91130021 997 $aUNISA NUM $aUSA12483 LEADER 01635cam--2200421---450 001 990000486690203316 005 20191015113800.0 010 $a0-19-865102-3 035 $a0048669 035 $aUSA010048669 035 $a(ALEPH)000048669USA01 035 $a0048669 100 $a20010531d1975----km-y0itay5003----ba 101 0 $aeng 102 $aGB 105 $ay|||e|||001yy 200 1 $a<> compact edition of the dictionary of national biography$ecomplete text reproduced micrographically 210 $aLondon$cOxford University Press$d1975 215 $a2 volumi (3149 p.)$d31 cm$e1 lente di ingrandimento 327 1 $aVol. 1: Main DNB, Abbadie-O'Donnel$aVol. 2: Main DNB, O'Donnell-Zuylestein and Supplement twentieth-century DNB, 1901-1960 517 1 $aDictionary of national biography 540 1 $a<> Main DNB, Abbadie-O'Donnell 540 1 $a<> Main DNB, O'Donnell-Zuylestein and Supplement twentieth-century DNB, 1901-1960 607 $aGran Bretagna$xBiografie$xDizionari$2BNCF 676 $a920.041 801 0$aIT$bsalbc$gISBD 912 $a990000486690203316 951 $aI.1.C. 920.041 2 1(920.041 2 1, RI E 17 I)$bL.M.$cI.1.$d448819 951 $aI.1.C. 920.041 2 2(920.041 2 2, RI E 17 II)$bL.M.$cI.1.$d448820 959 $aBK 969 $aUMA 979 $aPATTY$b90$c20010531$lUSA01$h1432 979 $c20020403$lUSA01$h1657 979 $aPATRY$b90$c20040406$lUSA01$h1634 979 $aCOPAT3$b90$c20050517$lUSA01$h1201 979 $aCOPAT6$b90$c20070330$lUSA01$h1408 996 $aCompact edition of the dictionary of national biography$91562986 997 $aUNISA LEADER 01142nam0-2200337 --450 001 9910424458903321 005 20201126110255.0 010 $a978-88-98967-19-3 100 $a20201126d2015----kmuy0itay5050 ba 101 1 $aita$cfre 102 $aIT 105 $a 001yy 200 1 $a<>perineo femminile e il parto$eelementi di anatomia ed esercizi pratici applicativi$fBlandine Calais-Germain$gprefazione Joan Mélendez Rusiñol$gdisegni originali di Blandine Calais-Germain$gtraduzione Elena Bracci Testasecca, Ingrid Molle 210 $aRoma$cEpsylon$d2015 215 $a160 p.$cill.$d24 cm 225 1 $aGesto motorio 610 0 $aPerineo$aAnatomia 610 0 $aGravidanza 610 0 $aParto 700 1$aCalais-Germain,$bBlandine$0789666 702 1$aBracci Testasecca,$bElena 702 1$aMolle,$bIngrid 801 0$aIT$bUNINA$gREICAT$2UNIMARC 901 $aBK 912 $a9910424458903321 952 $a90 U 3a 58$b182/2020$fFMEBC 952 $a90 U 3a 59$b183/2020$fFMEBC 952 $a90 U 3a 60$b184/2020$fFMEBC 959 $aFMEBC 996 $aPerineo femminile e il parto$91761760 997 $aUNINA